| 000 | 00753nam a22002057a 4500 | ||
|---|---|---|---|
| 005 | 20220319100737.0 | ||
| 008 | 220312b ||||| |||| 00| 0 eng d | ||
| 040 | _cCAAAP | ||
| 041 | _aspa | ||
| 050 | 4 |
_aZ1878.C5 _bD42 |
|
| 110 | 2 |
_aProyecto de Capacitación, Extensión y Divulgación Forestal (Pucallpa) _95018 |
|
| 245 | 1 | 0 |
_aBibliografía : _bsociología y desarrollo rural / _ccompilado por Miryam de Paz R. |
| 260 |
_aPucallpa: _bCentro de Documentación e Información Forestal, _c1989 |
||
| 300 |
_a1 v.; _c30 cm. |
||
| 500 | _aMaterial mecanografiado y anillado | ||
| 650 | 0 |
_95146 _aSociología |
|
| 650 | 0 |
_92460 _aDesarrollo rural _vBibliografía |
|
| 710 | 2 |
_95020 _aCooperación Técnica del Gobierno Suizo |
|
| 942 |
_2lcc _bDD - MM - AA _cBK |
||
| 999 |
_c3642 _d3642 |
||